Management : function and strategy
Αποθηκεύτηκε σε:
| Κύριος συγγραφέας: | |
|---|---|
| Άλλοι συγγραφείς: | |
| Μορφή: | Βιβλίο |
| Γλώσσα: | English |
| Δημοσίευση: |
Homewood, Boston :
Irwin,
c1993
|
| Έκδοση: | 2nd ed. |
| Θέματα: | |
| Ετικέτες: |
Προσθήκη ετικέτας
Δεν υπάρχουν, Καταχωρήστε ετικέτα πρώτοι!
|
MARC
| LEADER | 00000nam a2200000 i 4500 | ||
|---|---|---|---|
| 001 | 1/67250 | ||
| 008 | 960618s1993 eng d | ||
| 020 | |a 0-256-10020-9 | ||
| 035 | |l 10029972 | ||
| 040 | |a GR-MY-UA |b gre |e aacr | ||
| 041 | 0 | |a eng | |
| 082 | 0 | |a 658.4 | |
| 100 | 1 | |a Bateman, Thomas S. | |
| 245 | 1 | 0 | |a Management : |b function and strategy / |c Thomas S. Bateman, Carl P. Zeithaml |
| 250 | |a 2nd ed. | ||
| 260 | |a Homewood, Boston : |b Irwin, |c c1993 | ||
| 300 | |a 662 σ. | ||
| 500 | |a Περιλαμβάνει ευρετήριο | ||
| 650 | 0 | 0 | |a Management. |
| 700 | 1 | |a Zeithaml, Carl P. | |
| 852 | |a INST |b CHIOS |e 19960618 |h 658.4 BAT |p 005200001649 |q 005200001649 |t BK |y 0 | ||
| 909 | |a Χ |b 040234 | ||